Top 50 Players In FIFA 15 - Statistics

General Stats
  • This quiz has been taken 1,776 times
    1,577 since last reset
  • The average score is 42 of 50
Answer Stats
Club Nation Rating Answer % Correct
Real Madrid Portugal 92 Cristiano Ronaldo
100%
Barcelona Argentina 93 Lionel Messi
100%
Bayern Munich Netherlands 90 Arjen Robben
98%
PSG Sweden 90 Zlatan Ibrahimovic
98%
Barcelona Uruguay 89 Luis Suarez
97%
Barcelona Spain 89 Andres Iniesta
96%
Real Madrid Wales 87 Bale
95%
Bayern Munich Germany 90 Manuel Neuer
95%
Chelsea Belgium 88 Eden Hazard
94%
Barcelona Brazil 87 Neymar
94%
Real Madrid Croatia 87 Luka Modric
93%
Manchester City Spain 87 David Silva
92%
Bayern Munich France 88 Franck Ribery
92%
PSG Brazil 87 Thiago Silva
92%
Manchester City Argentina 87 Aguero
91%
Bayern Munich Poland 87 Lewandowski
91%
Manchester United Netherlands 88 Robin Van Persie
91%
Real Madrid Spain 87 Sergio Ramos
90%
Barcelona Spain 86 Xavi
90%
Manchester United England 86 Rooney
88%
Manchester City Ivory Coast 86 Yaya Toure
88%
PSG Uruguay 86 Cavani
87%
Manchester United Colombia 88 Falcao
87%
Borussia Dortmund Germany 86 Marco Reus
87%
Bayern Munich Germany 86 Muller
87%
Real Madrid Germany 85 Kroos
86%
Bayern Munich Germany 87 Lahm
86%
Arsenal Germany 86 Ozil
86%
Arsenal Chile 85 Sanchez
86%
Manchester United Argentina 86 Angel Di Maria
85%
Manchester City Belguim 86 Kompany
85%
Real Madrid France 85 Benzema
84%
Real Madrid Colombia 86 James Rodriguez
83%
Juventus Chilie 85 Vidal
83%
Chelsea Czech Republic 85 Petr Cech
82%
Borussia Dortmund Germany 86 Mats Hummels
81%
Chelsea Belgium 86 Courtois
78%
Tottenham France 85 Hugo Lloris
78%
Bayern Munich Germany 86 Jerome Boateng
78%
Bayern Munich Germany 88 Bastain Schweinsteiger
74%
Manchester United Spain 85 Juan Mata
74%
Barcelona Spain 85 Busquets
71%
Manchester United Spain 85 De Gea
71%
Chelsea Spain 86 Diego Costa
71%
Juventus Argentina 85 Tevez
71%
Chelsea Spain 85 Cesc Fabregas
68%
Bayern Munich Spain 85 Xabi Alonso
67%
Bayern Germany 86 Mario Gotze
65%
Bayern Munich Spain 85 Javi Martinez
61%
Real Madrid Spain 84 Iker Casillas
43%
No matching quizzes found
Score Distribution
Percent of People with Each Score
Percentile by Number Answered
Your Score History
You have not taken this quiz since the last reset